Lectures on KANT'S critique of pure reason / (Record no. 156810)

MARC details
000 -LEADER
fixed length control field 00764nam a22002297a 4500
005 - DATE AND TIME OF LATEST TRANSACTION
control field 20180904115141.0
010 ## - LCCN (DPL NO)
LC control number ENG-123954
020 ## - INTERNATIONAL STANDARD BOOK NUMBER
Terms of availability 495.00
International Standard Book Number 9788121512770
035 ## - SYSTEM CONTROL NUMBER
System control number EN-107486
037 ## - SOURCE OF ACQUISITION
Source of stock number/acquisition DBAD/PUB
082 ## - DEWEY DECIMAL CLASSIFICATION NUMBER
Classification number 121
100 ## - MAIN ENTRY--PERSONAL NAME
Personal name Mohanty, J.N.
245 ## - TITLE STATEMENT
Title Lectures on KANT'S critique of pure reason /
Statement of responsibility, etc by J.N. Mohanty; ed. by Tara Chatterjea, Sandhya Basu [and] Amita chatterjee
260 ## - PUBLICATION, DISTRIBUTION, ETC. (IMPRINT)
Place of publication, distribution, etc New Delhi
Name of publisher, distributor, etc Munshiram Manoharlal Publishers Pvt. Ltd.
Date of publication, distribution, etc 2014
270 ## - ADDRESS
Address 54, Rani Jhansi Road,
City New Delhi
Postal code 110055
300 ## - PHYSICAL DESCRIPTION
Extent 261p
Dimensions 22cm.(Hb.)
500 ## - GENERAL NOTE
General note It includes index and references
700 ## - ADDED ENTRY--PERSONAL NAME
Personal name Chatterjea, Tara
700 ## - ADDED ENTRY--PERSONAL NAME
Personal name Basu, Sandhya
700 ## - ADDED ENTRY--PERSONAL NAME
Personal name chatterjee, Amita
942 ## - ADDED ENTRY ELEMENTS (KOHA)
Source of classification or shelving scheme Dewey Decimal Classification
Item type English Books
Call number suffix MOH
Classification part 121
Holdings
Withdrawn status Lost status Not for loan Collection code Home library Current library Date acquired Source of acquisition Cost, normal purchase price Full call number Barcode Copy number Cost, replacement price Koha item type
    Not For Loan Non-fiction D.B.Act.Division Bawana 31/08/2018 DBAD/PUB 495.00 121 MOH EN-107486 1 495.00 English Books

© Delhi Public Library
Hit Counter
free hit counter